000
00323nam a22001337a 4500
008
180924b xxu||||| |||| 00| 0 eng d
020
_a
2901609137839
041
_a
eng
080
_a
610.73
100
_a
2
101
_a
INF
245
_a
Leadership and Management Tools for the New Nurse
_c
Marquis, B.L
942
_2
udc
_c
BK
999
_c
48403
_d
48403